| 000 | 01288nac a22003371i 4500 | ||
|---|---|---|---|
| 003 | EG-ScBUE | ||
| 005 | 20241117153701.0 | ||
| 008 | 100113t2002 ohia f b 001 0 eng d | ||
| 020 | _a9780324066753 | ||
| 020 | _a0324066759 | ||
| 035 | _a(OCoLC)ocm61684269 | ||
| 040 |
_aEG-ScBUE _beng _erda _cEG-ScBUE _dEG-ScBUE |
||
| 082 | 0 | 4 |
_a519.5 _bAND _222 |
| 100 | 1 |
_aAnderson, David R., _eauthor. _910301 |
|
| 245 | 1 | 0 |
_aStatistics for business and economics / _cDavid R. Anderson, University of Cincinnati, Dennis J. Sweeny, University of Cincinnati, Thomas A. Williams, Rochester Institute of Technology. |
| 250 | _aEighth edition. | ||
| 264 | 1 |
_aMason, Ohio : _bThomson Learning, _c[2002] |
|
| 264 | 4 | _cc2002 | |
| 300 |
_a1 volume (various pagings) : _billustrations ; _c30 cm. |
||
| 336 |
_2rdacontent _atext _btxt |
||
| 337 |
_aunmediated _2rdamedia _bn |
||
| 338 |
_avolume _bnc _2rdacarrier |
||
| 490 | 0 | _aSolutions manual | |
| 504 | _aIncludes bibliographical references and index. | ||
| 650 | 7 |
_aCommercial statistics. _2BUEsh _910302 |
|
| 650 | 7 |
_aEconomics _xStatistical methods. _2BUEsh _910303 |
|
| 650 | 7 |
_aStatistics. _2BUEsh _910304 |
|
| 700 | 1 |
_aCarlson, William L. _q(William Lee), _d1938- _eauthor. _910305 |
|
| 700 | 1 |
_aThorne, Betty. _eauthor. _910306 |
|
| 942 |
_cBB _2ddc |
||
| 999 |
_c13121 _d13121 |
||